Relatoría del Encuentro

Hace una reflexión sobre el tema de la autonomía municipal en Costa Rica, mencionando factores históricos, aspectos de carácter político y social, las reformas constitucionales aprobadas en Asamblea Legislativa. Manifiesta la resistencia de la clase política a ceder el poder ni distribuirlo, lo que...

Descrizione completa

Salvato in:
Dettagli Bibliografici
Natura: testo
Pubblicazione: San José: DEMUCA
Soggetti:
Tags: Aggiungi Tag
Nessun Tag, puoi essere il primo ad aggiungerne!!

MARC

LEADER 00000 a a2200000 04500
001 21914
003
040
090 |a 146202  
245 |a Relatoría del Encuentro  
260 |a San José:   |b DEMUCA  
300 |a 133 p; vol. 2  
520 |a Hace una reflexión sobre el tema de la autonomía municipal en Costa Rica, mencionando factores históricos, aspectos de carácter político y social, las reformas constitucionales aprobadas en Asamblea Legislativa. Manifiesta la resistencia de la clase política a ceder el poder ni distribuirlo, lo que representa la principal resistencia que ha enfrentado el proceso de descentralización, aunque garantizada en la Constitución Política, la autonomía está afectada por múltiples leyes e instituciones que intervienen en campos originalmente privativos de las municipalidades. REV/LCL  
650 |a DESARROLLO LOCAL  
650 |a GOBIERNO LOCAL  
650 |a AUTONOMIA ADMINISTRATIVA  
650 |a ASPECTOS JURIDICOS  
999 |c 1378  |d 1378